000 005990000a22001810004500
003 MACL
005 20160611123359.0
008 160611b xxu||||| |||| 00| 0 eng d
040 _aMACL
_cMACL
041 _aHindi
082 _a741.642
100 _aडॉ दीक्षित, राजेश
_964173
245 _aऐसा भी होता है
_cडॉ राजेश दीक्षित
260 _aभोपाल
_bइन्‍द्रा पब्ल‍िशिंग हाउस
_c2005
350 _a65
650 _aChildren Book
_964174
942 _cHIN
_k741.642
_2ddc
999 _c48170
_d48170